Skoki narciarskie - skoczkowie - Statystyki

Ogólne statystyki
  • Ten quiz został rozwiązany 64 razy
  • Średni wynik to 10 z 30
Statystyki odpowiedzi
Kadra 23/24 Skoczek % Poprawnych
Narodowa Stefan Kraft
100%
Narodowa Jan Hoerl
89%
Narodowa Manuel Fettner
84%
Narodowa Daniel Tschofenig
79%
Narodowa Michael Hayboeck
79%
Narodowa Daniel Huber
77%
A Clemens Aigner
65%
A Maximilian Ortner
53%
A Stephan Embacher
53%
A Jonas Schuster
46%
A Clemens Leitner
42%
A Philipp Aschenwald
42%
A Markus Mueller
40%
A Francisco Moerth
16%
B Hannes Landerer
16%
A Maximilian Steiner
14%
C Jakob Steinberger
12%
B Lukas Haagen
12%
B Marco Woergoetter
12%
B Simon Steinberger
12%
B Clemens Vinatzer
5%
C Nikolaus Humml
4%
B Johannes Poelz
2%
B Fabian Held
0%
C Fabian Plank
0%
C Matthias Wieser
0%
C Maximilian Moosbrugger
0%
C Maximilian Zaller
0%
C Thomas Benedik
0%
C Tobias Bachleitner
0%
Nie znaleziono quizów pasujących do podanych kryteriów
Rozkład punktacji
Procent ludzi z każdym wynikiem
Percentyl według liczby udzielonych odpowiedzi
Twoja historia wyników
Nie rozwiązałeś tego quizu